000 00354nam a2200109Ia 4500
008 221009s9999 xx 000 0 und d
082 _a160
100 _aझा,सुशीन
_979437
245 0 _aसामान्‍य बुद्धि एवं तर्कशक्ति परीक्षण
260 _bGuider Competitive Group
942 _cBK
999 _c65355
_d65355